Statistics for Mega Man Robot Masters by Category

Click here to take the quiz!

General Stats

  • This quiz has been taken 436 times
    (370 since last reset)
  • The average score is 50 of 86

Answer Stats

Answer% Correct
Air Man
94%
Ice Man
94%
Fire Man
93%
Cut Man
91%
Elec Man
91%
Bomb Man
90%
Wood Man
84%
Snake Man
83%
Guts Man
82%
Bubble Man
81%
Quick Man
80%
Wind Man
79%
Flash Man
78%
Heat Man
73%
Crash Man
72%
Metal Man
71%
Flame Man
69%
Splash Woman
69%
Spark Man
68%
Gemini Man
67%
Centaur Man
65%
Needle Man
65%
Top Man
65%
Aqua Man
64%
Wave Man
64%
Pharaoh Man
63%
Stone Man
63%
Hard Man
62%
Plant Man
62%
Freeze Man
61%
Gravity Man
61%
Skull Man
61%
Star Man
61%
Dive Man
60%
Magnet Man
60%
Shadow Man
60%
Blizzard Man
59%
Bright Man
59%
Toad Man
59%
Frost Man
57%
Tornado Man
57%
Galaxy Man
56%
Slash Man
55%
Sword Man
55%
Drill Man
54%
Knight Man
54%
Napalm Man
54%
Cloud Man
53%
Clown Man
53%
Ring Man
53%
Sheep Man
53%
Yamato Man
52%
Dust Man
51%
Charge Man
49%
Gyro Man
49%
Blade Man
48%
Bounce Man
48%
Magma Man
47%
Acid Man
46%
Blast Man
46%
Crystal Man
46%
Shade Man
46%
Tomahawk Man
46%
Astro Man
45%
Block Man
45%
Burst Man
45%
Chill Man
45%
Junk Man
45%
Torch Man
45%
Turbo Man
45%
Concrete Man
44%
Nitro Man
44%
Plug Man
44%
Fuse Man
43%
Hornet Man
43%
Spring Man
43%
Tengu Man
43%
Pump Man
42%
Solar Man
42%
Grenade Man
41%
Tundra Man
41%
Impact Man
40%
Commando Man
39%
Jewel Man
39%
Search Man
39%
Strike Man
37%

Score Distribution

Percentile by Number Answered

Percent of People with Each Score

Your Score History

You have not taken this quiz since the last reset